Drapeaux de pays blanc et bleu - Statistiques

Statistiques générales
  • Ce quiz a été pris 127 fois
    109 depuis la dernière actualisation
  • Le résultat moyen est 10 sur 12
Statistiques - réponses
Par images Réponse % Correct
Argentine
99%
Grèce
98%
Israël
96%
Finlande
95%
Uruguay
94%
Honduras
84%
Saint-Marin
81%
Nicaragua
76%
Somalie
76%
Guatemala
70%
Salvador
69%
Micronésie
65%
Aucun quiz correspondant
Distribution des résultats
% des personnes avec chaque résultat
Percentile par nombre de réponses
Votre historique - résultats
Vous n’avez pas pris ce quiz depuis la dernière actualisation